名古屋高速道路のIC - Statistics

General Stats
  • This quiz has been taken 127 times
  • The average score is 36 of 64
Answer Stats
C1都心環状線 % Correct
IC 大高
88%
IC 一宮
87%
IC/JCT
84%
JCT
84%
JCT 東海
82%
IC 小牧
82%
IC 笠寺
76%
JCT 名古屋南
74%
IC 名駅
73%
IC 星崎
68%
IC/JCT 高針
66%
IC 堀田
65%
JCT 名古屋西
65%
JCT 清洲
63%
JCT 清洲
63%
IC 丸の内
62%
JCT 鶴舞南
61%
JCT 鶴舞南
61%
IC 黄金
61%
IC 東別院
60%
IC 黒川
59%
JCT 山王
57%
IC 吹上東
57%
JCT/IC 山王
57%
IC 清須
57%
IC 一宮東
57%
IC 東新町
56%
IC 呼続
56%
JCT 東片端
55%
JCT/IC 東片端
55%
IC 吹上西
55%
IC 小牧南
55%
IC 小牧北
55%
IC 一宮南
55%
JCT 新洲崎
54%
JCT 新洲崎
54%
IC 白川
54%
IC 四谷
54%
JCT 新洲崎
54%
IC 烏森
54%
JCT 丸田町
52%
JCT 丸田町
52%
IC 高辻
52%
IC 豊山南
52%
IC 豊山北
51%
JCT 明道町
50%
JCT/IC 明道町
50%
IC 春日
50%
IC 西春
50%
IC 尾頭橋
49%
IC 六番北
49%
IC 六番南
49%
IC 一宮中
49%
IC 錦橋
44%
IC 春岡
44%
IC 堀の内
44%
IC 東海新宝
41%
IC 千音寺
41%
IC 木場
40%
IC 庄内通
39%
IC 一宮西春
39%
IC 鳥見町
38%
IC 船見
34%
IC 港明
33%
No matching quizzes found
Score Distribution
Percent of People with Each Score
Percentile by Number Answered
Your Score History
You have not taken this quiz